000 00637cam a2200217 4500500
005 20260405003300.0
041 _afre
042 _adc
100 1 0 _aGustave, Océane
_eauthor
245 0 0 _aPourquoi rêvons-nous d’être célèbre ?
260 _c2021.
500 _a84
690 _aBaudrillard
690 _aCélébrité
690 _aHobbes
690 _aMerleau-Ponty
690 _aRéputation
690 _aRousseau
786 0 _nPhilosophie magazine | 149 | 5 | 2021-05-01 | p. 67-68 | 1951-1787
856 4 1 _uhttps://shs.cairn.info/magazine-philosophie-magazine-2021-5-page-67?lang=fr&redirect-ssocas=7080
999 _c2066105
_d2066105